000 00406nam a22001337a 4500
008 240806b |||||||| |||| 00| 0 eng d
020 _a9780618619597
082 _a915.2 BEN
100 _aBenedict, Ruth.
245 _aThe chrysanthemum and the sword :
_bpatterns of Japanese culture.
260 _aLondon :
_bHarperCollins Publishers,
_c1989.
300 _avii, 321 p. :
_c22 Cm.
_bill. ;
942 _2ddc
999 _c10480
_d10481